| 000 | 00931nam a2200301 i 4500 | ||
|---|---|---|---|
| 003 | DO-SdBNP | ||
| 005 | 20240625150200.0 | ||
| 006 | a||||gr|||| 00| 0 | ||
| 007 | ta | ||
| 008 | 240625t1972 sp ||||| |||| 00| f spa d | ||
| 040 |
_aDO-SdBNP _bspa _cBNPHU _erda |
||
| 041 | _heng | ||
| 082 | 4 |
_222 _bA493h |
|
| 100 | 1 |
_aHambler, Eric _eautor _985791 |
|
| 245 | 1 | 3 |
_aEl hombre del oriente medio / _cEric Hambler; traducción del inglés, Manuel Pais, edición M. Salvatella. |
| 246 | 1 | 3 | _aThe levanter. |
| 264 | 4 |
_aBarcelona, España : _bVeron, _c@1972 |
|
| 300 |
_a267 páginas ; _c19 cm. |
||
| 336 |
_2rdacontent _atexto _btxt |
||
| 337 |
_2rdamedia _asin mediación _bn |
||
| 338 |
_2rdacarrier _avolumen _bnc |
||
| 490 | _aerus | ||
| 534 | _aTítulo original: The levanter. | ||
| 590 | _aInventariado 2024 / MF | ||
| 700 | 1 |
_aPais, Manuel, _etraductor _985792 |
|
| 700 | 1 |
_aSalvatella, M. _eeditor _985793 |
|
| 942 |
_2ddc _cLBS1 |
||
| 999 |
_c56969 _d56969 |
||